Normal view
MARC view
- Nelms, R. M
Entry Corporate Name
001 - CONTROL NUMBER
- control field: 109576
003 - CONTROL NUMBER IDENTIFIER
- control field: NUST
005 - DATE AND TIME OF LATEST TRANSACTION
- control field: 20230224150709.0
008 - FIXED-LENGTH DATA ELEMENTS
- fixed length control field: 230224|| aca||aabn | a|a d
040 ## - CATALOGING SOURCE
- Original cataloging agency: NUST
- Transcribing agency: NUST
110 ## - HEADING--CORPORATE NAME
- Corporate name or jurisdiction name as entry element: Nelms, R. M
670 ## - SOURCE DATA FOUND
- Source citation: Work cat.: (NUST): Irwin, J. David, 15005, Engineering Circuit Analysis, 2015.
